|
|
|
|
| LEADER |
00000nam0a2200000 4500 |
| 001 |
285901 |
| 005 |
20231101235835.0 |
| 035 |
|
|
|a (RuTPU)RU\TPU\book\310188
|
| 035 |
|
|
|a RU\TPU\book\253507
|
| 090 |
|
|
|a 285901
|
| 100 |
|
|
|a 20150302d1985 m y0rusy5003 ca
|
| 101 |
1 |
|
|a rus
|c pol
|
| 102 |
|
|
|a RU
|
| 105 |
|
|
|a y z 000zy
|
| 200 |
1 |
|
|a Знаете ли вы своего ребенка?
|e книга для родителей
|e пер. с пол.
|f Г. Филипчук
|
| 205 |
|
|
|a 3-е изд.
|
| 210 |
|
|
|a Москва
|c Прогресс
|d 1985
|
| 215 |
|
|
|a 206 с.
|
| 606 |
1 |
|
|a Семейное воспитание
|2 stltpush
|3 (RuTPU)RU\TPU\subj\54560
|9 72696
|
| 610 |
1 |
|
|a дети
|
| 610 |
1 |
|
|a личность
|
| 610 |
1 |
|
|a родители
|
| 610 |
1 |
|
|a физическое развитие
|
| 610 |
1 |
|
|a нравственное развитие
|
| 610 |
1 |
|
|a умственное развитие
|
| 610 |
1 |
|
|a духовные потребности
|
| 610 |
1 |
|
|a семья
|
| 686 |
|
|
|a Ч49
|v LBC/SL-A
|2 rubbk
|
| 700 |
|
1 |
|a Филипчук
|b Г.
|g Галина
|4 070
|
| 801 |
|
0 |
|a RU
|b 63413507
|c 19950417
|g psbo
|
| 801 |
|
1 |
|a RU
|b 63413507
|c 20130213
|
| 801 |
|
2 |
|a RU
|b 63413507
|c 20170626
|g RCR
|
| 942 |
|
|
|c BK
|